[Event "3eme tournoi de MI de JUVISY"]
[Site "?"]
[Date "2019.07.04"]
[Round "6.5"]
[White "HARUTYUNYAN, Ruben"]
[Black "NGUYEN, Vincent"]
[Result "1/2-1/2"]
[WhiteElo "2316"]
[BlackElo "2315"]
[PlyCount "76"]
[EventDate "2019.??.??"]
[WhiteTeam "Clichy-Echecs 92"]
[BlackTeam "La tour de Juvisy"]

1. e4 e6 2. d4 d5 3. Nc3 Bb4 4. e5 Ne7 5. Bd2 Nf5 6. Nf3 b6 7. h4 h5 8. Bd3 Nh6
9. Ng5 g6 10. Qf3 Nf5 11. Ne2 Bxd2+ 12. Kxd2 Ba6 13. Bxf5 Bxe2 14. Qxe2 gxf5
15. c3 a6 16. f3 c5 17. g4 fxg4 18. fxg4 Ra7 19. gxh5 Nc6 20. Qd3 b5 21. Nh7
Qb6 22. Nf6+ Kd8 23. dxc5 Qxc5 24. Rae1 Rc7 25. Rhf1 b4 26. Ne4 bxc3+ 27. bxc3
Qa5 28. Nd6 Qxa2+ 29. Qc2 Qxc2+ 30. Kxc2 Rxh5 31. Nxf7+ Ke7 32. Ng5 Nd4+ 33.
Kd3 Nf5 34. Ra1 Ra7 35. Ra4 Kd7 36. Rff4 a5 37. Ke2 Ra6 38. Kf3 Rh6 1/2-1/2

[Event "3eme tournoi de MI de JUVISY"]
[Site "Juvisy/Orge, France"]
[Date "2019.07.04"]
[Round "6.4"]
[White "LAZO, Andrei"]
[Black "MOUHAMAD, Joachim"]
[Result "1-0"]
[WhiteElo "2279"]
[BlackElo "2302"]
[PlyCount "91"]
[EventDate "2019.??.??"]
[WhiteTeam "Canal St Martin"]
[BlackTeam "Clichy-Echecs92"]

1. d4 Nf6 2. c4 g6 3. Nc3 d5 4. cxd5 Nxd5 5. e4 Nxc3 6. bxc3 Bg7 7. Ba3 O-O 8.
Bc4 b6 9. Nf3 Bb7 10. O-O c5 11. Qb3 Nc6 12. Ng5 e6 13. Nxf7 Rxf7 14. Bxe6 Qe8
15. d5 Nd8 16. Bxf7+ Nxf7 17. Rfe1 g5 18. Rad1 Rd8 19. c4 Be5 20. Bxc5 bxc5 21.
Qxb7 g4 22. Rd3 Bd6 23. h3 h5 24. hxg4 hxg4 25. Ra3 Rb8 26. Qxa7 Qe5 27. g3 Ng5
28. Qd7 Nf3+ 29. Rxf3 gxf3 30. Qg4+ Kh7 31. Qxf3 Rf8 32. Qe3 Qd4 33. e5 Bxe5
34. Qxe5 Qxf2+ 35. Kh1 Qf3+ 36. Kh2 Rh8 37. Kg1 Re8 38. Qc7+ Kg6 39. Rxe8 Qd1+
40. Kh2 Qd2+ 41. Kh3 Qh6+ 42. Kg2 Qd2+ 43. Kf3 Qd3+ 44. Kf2 Qd2+ 45. Re2 Qd4+
46. Kg2 1-0

[Event "3eme tournoi de MI de JUVISY"]
[Site "Juvisy/Orge, France"]
[Date "2019.07.04"]
[Round "6.3"]
[White "BON, Michael"]
[Black "BELKHODJA, Slim"]
[Result "1/2-1/2"]
[WhiteElo "2400"]
[BlackElo "2416"]
[PlyCount "109"]
[EventDate "2019.??.??"]
[WhiteTeam "Canal St Martin"]
[BlackTeam "J.E.E.N"]

1. e4 c5 2. Nf3 a6 3. c4 d6 4. d4 Bg4 5. dxc5 Bxf3 6. gxf3 dxc5 7. Qxd8+ Kxd8
8. Nc3 e6 9. Be3 Nf6 10. e5 Nfd7 11. O-O-O Nc6 12. f4 Kc7 13. Rg1 f5 14. exf6
Nxf6 15. Bh3 Re8 16. f5 exf5 17. Bxf5 Nd4 18. Bh3 Kb8 19. Bf4+ Ka7 20. Rge1 Be7
21. Re3 Nh5 22. Rxe7 Nxf4 23. Re3 Rd8 24. Bf1 Rd7 25. Re5 b6 26. a3 Rhd8 27. b4
Nde6 28. Rxd7+ Rxd7 29. Nd5 Nxd5 30. cxd5 Nf4 31. bxc5 bxc5 32. Bc4 g6 33. Kd2
Rf7 34. f3 Kb6 35. Ke3 Ng2+ 36. Kf2 Nf4 37. Ke3 Ng2+ 38. Kf2 Nf4 39. Re3 Rd7
40. Re5 Rf7 41. Re3 Rd7 42. Kg3 Nxd5 43. Re6+ Kc7 44. Rxa6 Nb6 45. Ra7+ Kd6 46.
Rxd7+ Kxd7 47. Bg8 h6 48. Bh7 g5 49. Kg4 Ke6 50. Kh5 Kf6 51. Kxh6 c4 52. Bc2 c3
53. a4 Nc4 54. Bh7 Ne3 55. Bc2 1/2-1/2

[Event "3eme tournoi de MI de JUVISY"]
[Site "Juvisy/Orge, France"]
[Date "2019.07.05"]
[Round "7.3"]
[White "BELKHODJA, Slim"]
[Black "LAZO, Andrei"]
[Result "1-0"]
[WhiteElo "2416"]
[BlackElo "2279"]
[PlyCount "70"]
[EventDate "2019.??.??"]
[WhiteTeam "J.E.E.N"]
[BlackTeam "Canal St Martin"]
[TimeControl "6600+450"]
[WhiteClock "0:29:42"]
[BlackClock "0:47:38"]

1. e4 {[%emt 0:16:40]} e6 {[%emt 0:00:07]} 2. Nf3 {[%emt 0:00:35]} d5 {[%emt 0:
00:12]} 3. e5 {[%emt 0:02:52]} c5 {[%emt 0:00:15]} 4. b4 {[%emt 0:00:06]} b6 {
[%emt 0:04:22]} 5. bxc5 {[%emt 0:03:57]} bxc5 {[%emt 0:00:10]} 6. c4 {[%emt 0:
02:40]} d4 {[%emt 0:02:11]} 7. g3 {[%emt 0:02:40]} Bb7 {[%emt 0:02:10]} 8. Bg2
{[%emt 0:01:57]} Nc6 {[%emt 0:03:58]} 9. O-O {[%emt 0:00:20]} Qc7 {[%emt 0:00:
41]} 10. d3 {[%emt 0:02:31]} Nge7 {[%emt 0:01:56]} 11. Re1 {[%emt 0:05:00]} Nf5
{[%emt 0:05:45]} 12. Nbd2 {[%emt 0:02:32]} h5 {[%emt 0:07:01]} 13. h4 {[%emt 0:
00:32]} Be7 {[%emt 0:00:52]} 14. Ne4 {[%emt 0:01:10]} f6 {[%emt 0:03:40]} 15.
Rb1 {[%emt 0:03:21]} Rb8 {[%emt 0:04:31]} 16. exf6 {[%emt 0:01:55]} gxf6 {
[%emt 0:00:17]} 17. Nxf6+ {[%emt 0:00:43]} Bxf6 {[%emt 0:00:25]} 18. Rxe6+ {
[%emt 0:02:07]} Kf7 {[%emt 0:01:42]} 19. Rxb7 {[%emt 0:01:04]} Qxb7 {[%emt 0:
02:14]} 20. Rxc6 {[%emt 0:04:24]} Qxc6 {[%emt 0:06:07]} 21. Ng5+ {[%emt 0:01:
30]} Bxg5 {[%emt 0:00:09]} 22. Bxc6 {[%emt 0:00:05]} Bxc1 {[%emt 0:02:02]} 23.
Bd5+ {[%emt 0:05:58]} Ke7 {[%emt 0:01:01]} 24. Qxc1 {[%emt 0:00:07]} Rhf8 {
[%emt 0:02:54]} 25. Qf4 {[%emt 0:05:55]} Rb1+ {[%emt 0:02:44]} 26. Kh2 {[%emt
0:00:07]} Rb2 {[%emt 0:00:55]} 27. Qc7+ {[%emt 0:00:31]} Kf6 {[%emt 0:00:22]}
28. Kg1 {[%emt 0:01:05]} Rb1+ {[%emt 0:03:29]} 29. Kg2 {[%emt 0:00:09]} Rb2 {
[%emt 0:00:12]} 30. Qxc5 {[%emt 0:07:58]} Kg7 {[%emt 0:02:22]} 31. Qc7+ {[%emt
0:01:56]} Kf6 {[%emt 0:01:13]} 32. Qf4 {[%emt 0:02:24]} Ke7 {[%emt 0:00:28]}
33. Kh3 {[%emt 0:01:13]} Re2 {[%emt 0:02:26]} 34. Be4 {[%emt 0:01:51]} Nd6 {
[%emt 0:01:14]} 35. Qe5+ {[%emt 0:00:10]} Kd7 {[%emt 0:01:15]} 1-0

[Event "3eme tournoi de MI de JUVISY"]
[Site "Juvisy/Orge, France"]
[Date "2019.07.05"]
[Round "7.1"]
[White "NGUYEN, Vincent"]
[Black "ONKOUD, Abdelaziz"]
[Result "1-0"]
[WhiteElo "2315"]
[BlackElo "2328"]
[PlyCount "77"]
[EventDate "2019.??.??"]
[WhiteTeam "Juvisy"]
[BlackTeam "Livry-Gargan"]
[WhiteTeamCountry "FRA"]
[TimeControl "6600+1080"]
[WhiteClock "0:15:13"]
[BlackClock "0:46:22"]

1. e4 {[%emt 0:00:02]} d6 {[%emt 0:00:10]} 2. d4 {[%emt 0:00:05]} g6 {[%emt 0:
00:03]} 3. Nc3 {[%emt 0:00:05]} Bg7 {[%emt 0:00:04]} 4. Be3 {[%emt 0:00:32]} a6
{[%emt 0:00:22]} 5. a4 {[%emt 0:00:55]} e6 {[%emt 0:00:21]} 6. g3 {[%emt 0:01:
25]} Ne7 {[%emt 0:05:51]} 7. Bg2 {[%emt 0:00:09]} Nd7 {[%emt 0:00:46]} 8. Nge2
{[%emt 0:00:57]} b6 {[%emt 0:00:49]} 9. Qd2 {[%emt 0:01:17]} h6 {[%emt 0:00:24]
} 10. O-O {[%emt 0:00:19]} Bb7 {[%emt 0:00:14]} 11. Rad1 {[%emt 0:02:21]} c6 {
[%emt 0:06:23]} 12. f4 {[%emt 0:11:46]} f5 {[%emt 0:05:26]} 13. d5 {[%emt 0:17:
44]} exd5 {[%emt 0:00:44]} 14. Bd4 {[%emt 0:02:42]} Nf6 {[%emt 0:06:02]} 15. e5
{[%emt 0:05:55]} dxe5 {[%emt 0:01:35]} 16. fxe5 {[%emt 0:00:05]} Ne4 {[%emt 0:
00:15]} 17. Nxe4 {[%emt 0:01:29]} dxe4 {[%emt 0:00:34]} 18. Nf4 {[%emt 0:00:14]
} Bc8 {[%emt 0:10:05]} 19. Qf2 {[%emt 0:01:07]} Rb8 {[%emt 0:00:49]} 20. Bc5 {
[%emt 0:18:26]} Qc7 {[%emt 0:00:10]} 21. Bd6 {[%emt 0:00:06]} Qb7 {[%emt 0:00:
15]} 22. Bxe4 {[%emt 0:01:29]} O-O {[%emt 0:04:29]} 23. Bg2 {[%emt 0:10:54]}
Kh7 {[%emt 0:01:02]} 24. Rfe1 {[%emt 0:00:11]} Ra8 {[%emt 0:01:23]} 25. b4 {
[%emt 0:01:15]} b5 {[%emt 0:01:58]} 26. a5 {[%emt 0:00:39]} g5 {[%emt 0:00:50]}
27. Nd3 {[%emt 0:03:56]} f4 {[%emt 0:03:23]} 28. Nc5 {[%emt 0:00:52]} Qa7 {
[%emt 0:00:07]} 29. e6 {[%emt 0:00:26]} f3 {[%emt 0:03:35]} 30. Bxf3 {[%emt 0:
03:32]} Kg8 {[%emt 0:00:07]} 31. g4 {[%emt 0:01:33]} Rf6 {[%emt 0:09:21]} 32.
Be5 {[%emt 0:06:37]} Rf8 {[%emt 0:00:06]} 33. Bxg7 {[%emt 0:00:51]} Kxg7 {
[%emt 0:00:02]} 34. Qd4+ {[%emt 0:00:19]} Kg8 {[%emt 0:00:09]} 35. Be4 {[%emt
0:00:19]} Qc7 {[%emt 0:00:24]} 36. Rf1 {[%emt 0:02:08]} Rf4 {[%emt 0:03:39]}
37. Rxf4 {[%emt 0:01:20]} Qxf4 {[%emt 0:00:15]} 38. Qd8+ {[%emt 0:00:19]} Qf8 {
[%emt 0:00:48]} 39. Qc7 {[%emt 0:00:30]} 1-0

[Event "3eme tournoi de MI de JUVISY"]
[Site "?"]
[Date "2019.07.05"]
[Round "7.5"]
[White "DELORME, Alban"]
[Black "GEVORGYAN, David Sh"]
[Result "0-1"]
[WhiteElo "2327"]
[BlackElo "2321"]
[PlyCount "58"]
[EventDate "2019.??.??"]
[WhiteTeam "Echecs 16"]
[BlackTeam "Club 608"]

1. Nf3 Nf6 2. d4 d5 3. g3 c5 4. c4 dxc4 5. Bg2 Nc6 6. Qa4 cxd4 7. O-O Nd7 8.
Qxc4 Nb6 9. Qd3 g6 10. e3 Bf5 11. e4 Bc8 12. a4 Bg7 13. Bd2 O-O 14. b4 Be6 15.
Rc1 Rc8 16. a5 Nd7 17. Qb5 Nde5 18. Nxe5 Nxe5 19. Qxb7 Rxc1+ 20. Bxc1 d3 21.
Bd2 Nc4 22. Ra4 Nxd2 23. Nxd2 Bc3 24. Ra3 Bxd2 25. Bf1 Bxb4 26. Qxb4 d2 27. Be2
d1=Q+ 28. Bxd1 Qxd1+ 29. Kg2 Qg4 0-1

[Event "3eme tournoi de MI de JUVISY"]
[Site "Juvisy/Orge, France"]
[Date "2019.07.05"]
[Round "7.2"]
[White "MOUHAMAD, Joachim"]
[Black "HARUTYUNYAN, Ruben"]
[Result "1-0"]
[WhiteElo "2302"]
[BlackElo "2316"]
[PlyCount "91"]
[EventDate "2019.??.??"]
[WhiteTeam "Clichy Echecs 92"]
[BlackTeam "Clichy Echecs 92"]
[TimeControl "3600+545"]
[WhiteClock "0:56:33"]
[BlackClock "0:41:48"]

1. e4 {[%emt 1:10:48]} c5 {[%emt 0:00:04]} 2. Nf3 {[%emt 0:00:07]} d6 {[%emt 0:
00:04]} 3. d4 {[%emt 0:00:06]} cxd4 {[%emt 0:00:03]} 4. Nxd4 {[%emt 0:00:07]}
Nf6 {[%emt 0:00:03]} 5. Nc3 {[%emt 0:00:08]} Nc6 {[%emt 0:00:03]} 6. Bg5 {
[%emt 0:00:06]} e6 {[%emt 0:00:04]} 7. Qd2 {[%emt 0:00:10]} a6 {[%emt 0:00:04]}
8. O-O-O {[%emt 0:00:09]} Bd7 {[%emt 0:00:02]} 9. f4 {[%emt 0:00:18]} h6 {
[%emt 0:00:04]} 10. Bh4 {[%emt 0:00:16]} g5 {[%emt 0:00:04]} 11. fxg5 {[%emt 0:
00:18]} Ng4 {[%emt 0:00:05]} 12. Be2 {[%emt 0:00:08]} Nge5 {[%emt 0:00:05]} 13.
Nf3 {[%emt 0:00:12]} Be7 {[%emt 0:00:05]} 14. Bf2 {[%emt 0:00:07]} hxg5 {[%emt
0:01:24]} 15. Na4 {[%emt 0:00:21]} b5 {[%emt 0:09:53]} 16. Nb6 {[%emt 0:01:21]}
Rb8 {[%emt 0:00:20]} 17. Nxd7 {[%emt 0:01:10]} Nxd7 {[%emt 0:05:39]} 18. Qc3 {
[%emt 0:15:09]} Nce5 {[%emt 0:02:12]} 19. Nxe5 {[%emt 0:00:07]} Nxe5 {[%emt 0:
03:17]} 20. h3 {[%emt 0:01:52]} Rc8 {[%emt 0:02:32]} 21. Qb3 {[%emt 0:00:55]}
Nc4 {[%emt 0:07:11]} 22. Rhf1 {[%emt 0:04:21]} Qc7 {[%emt 0:12:29]} 23. Bd4 {
[%emt 0:27:09]} Rh4 {[%emt 0:00:04]} 24. Bg4 {[%emt 0:00:38]} Ne5 {[%emt 0:02:
51]} 25. Bxe5 {[%emt 0:08:06]} dxe5 {[%emt 0:00:05]} 26. Rf3 {[%emt 0:02:15]}
Rh6 {[%emt 0:01:57]} 27. Rdf1 {[%emt 0:01:01]} Bc5 {[%emt 0:00:54]} 28. a4 {
[%emt 0:09:32]} b4 {[%emt 0:00:39]} 29. Qd3 {[%emt 0:01:34]} Bd4 {[%emt 0:01:
37]} 30. Rxf7 {[%emt 0:00:21]} Qxf7 {[%emt 0:00:40]} 31. Rxf7 {[%emt 0:00:09]}
Kxf7 {[%emt 0:00:02]} 32. Qxa6 {[%emt 0:00:11]} Rc7 {[%emt 0:01:15]} 33. Qd6 {
[%emt 0:00:46]} Rb7 {[%emt 0:00:31]} 34. a5 {[%emt 0:04:19]} Rf6 {[%emt 0:00:
29]} 35. a6 {[%emt 0:00:41]} Ra7 {[%emt 0:00:04]} 36. Qxb4 {[%emt 0:03:42]}
Rf1+ {[%emt 0:00:26]} 37. Kd2 {[%emt 0:00:34]} Ra1 {[%emt 0:00:58]} 38. c3 {
[%emt 0:02:10]} Bg1 {[%emt 0:00:39]} 39. Bh5+ {[%emt 0:02:47]} Kg7 {[%emt 0:00:
24]} 40. Be2 {[%emt 0:05:56]} Rd7+ {[%emt 0:00:05]} 41. Kc2 {[%emt 0:00:50]}
Be3 {[%emt 0:00:14]} 42. Kb3 {[%emt 0:03:43]} Kf7 {[%emt 0:00:19]} 43. Bh5+ {
[%emt 0:00:41]} Kg7 {[%emt 0:00:48]} 44. Qb5 {[%emt 0:00:23]} Ra7 {[%emt 0:00:
21]} 45. Qxe5+ {[%emt 0:00:32]} Kh7 {[%emt 0:00:03]} 46. Be2 {[%emt 0:01:30]}
1-0

[Event "3eme tournoi de MI de JUVISY"]
[Site "Juvisy/Orge, France"]
[Date "2019.07.05"]
[Round "7.4"]
[White "MSELLEK, Ilyass"]
[Black "BON, Michael"]
[Result "0-1"]
[WhiteElo "2239"]
[BlackElo "2400"]
[PlyCount "158"]
[EventDate "2019.??.??"]
[WhiteTeam "Tremblay"]
[BlackTeam "Canal St Martin"]
[TimeControl "6600+1205"]
[WhiteClock "0:01:05"]
[BlackClock "0:04:15"]

1. d4 {[%emt 0:00:03]} Nf6 {[%emt 0:03:45]} 2. Nf3 {[%emt 0:00:04]} e6 {[%emt
0:10:44]} 3. e3 {[%emt 0:05:15]} b6 {[%emt 0:05:30]} 4. Bd3 {[%emt 0:00:03]}
Bb7 {[%emt 0:00:19]} 5. O-O {[%emt 0:00:08]} Be7 {[%emt 0:10:31]} 6. Nbd2 {
[%emt 0:00:05]} d5 {[%emt 0:08:38]} 7. b3 {[%emt 0:02:38]} O-O {[%emt 0:02:24]}
8. Bb2 {[%emt 0:00:03]} Nbd7 {[%emt 0:04:48]} 9. Ne5 {[%emt 0:01:40]} Nxe5 {
[%emt 0:05:32]} 10. dxe5 {[%emt 0:01:34]} Nd7 {[%emt 0:00:05]} 11. f4 {[%emt 0:
02:22]} g6 {[%emt 0:03:49]} 12. Qg4 {[%emt 0:20:31]} Nc5 {[%emt 0:09:04]} 13.
Be2 {[%emt 0:04:20]} a5 {[%emt 0:07:35]} 14. a3 {[%emt 0:17:59]} Ba6 {[%emt 0:
14:05]} 15. Bxa6 {[%emt 0:01:00]} Rxa6 {[%emt 0:00:09]} 16. Qe2 {[%emt 0:00:39]
} Ra8 {[%emt 0:01:10]} 17. Rad1 {[%emt 0:01:43]} Qd7 {[%emt 0:03:19]} 18. e4
dxe4 19. Nxe4 {[%emt 0:07:28]} Qc6 {[%emt 0:00:03]} 20. Nf6+ {[%emt 0:02:13]}
Bxf6 {[%emt 0:02:27]} 21. exf6 {[%emt 0:00:04]} Rad8 {[%emt 0:00:11]} 22. Rfe1
{[%emt 0:10:49]} Rd5 {[%emt 0:02:10]} 23. b4 {[%emt 0:03:54]} axb4 {[%emt 0:01:
11]} 24. axb4 Na4 {[%emt 0:00:40]} 25. Rxd5 {[%emt 0:01:02]} exd5 {[%emt 0:01:
42]} 26. Be5 {[%emt 0:00:04]} Nc3 {[%emt 0:00:51]} 27. Qd2 {[%emt 0:00:34]} Ne4
{[%emt 0:00:12]} 28. Rxe4 {[%emt 0:00:35]} dxe4 {[%emt 0:00:30]} 29. f5 {[%emt
0:00:05]} e3 {[%emt 0:01:28]} 30. Qxe3 {[%emt 0:00:19]} Rd8 {[%emt 0:03:25]}
31. h3 {[%emt 0:01:50]} Qe8 {[%emt 0:00:37]} 32. Qh6 {[%emt 0:08:49]} Qf8 {
[%emt 0:00:05]} 33. Qf4 {[%emt 0:00:42]} c5 {[%emt 0:01:04]} 34. b5 {[%emt 0:
00:51]} Rd1+ {[%emt 0:00:46]} 35. Kh2 {[%emt 0:00:01]} Rd5 {[%emt 0:01:22]} 36.
c4 {[%emt 0:00:24]} Rd7 {[%emt 0:01:05]} 37. Qf3 {[%emt 0:12:07]} Qe8 {[%emt 0:
01:10]} 38. Bg3 {[%emt 0:00:10]} Qd8 {[%emt 0:00:58]} 39. Be5 {[%emt 0:03:09]}
Qe8 {[%emt 0:00:20]} 40. Bg3 {[%emt 0:00:09]} Qd8 {[%emt 0:00:14]} 41. Qc6 {
[%emt 0:07:37]} g5 {[%emt 0:04:22]} 42. Be5 {[%emt 0:02:07]} h6 {[%emt 0:01:48]
} 43. Qf3 {[%emt 0:07:22]} Kh7 {[%emt 0:01:52]} 44. Qc6 {[%emt 0:01:25]} Rd1 {
[%emt 0:05:48]} 45. Qb7 {[%emt 0:09:47]} Rd7 {[%emt 0:00:55]} 46. Qc6 {[%emt 0:
00:20]} Ra7 {[%emt 0:00:23]} 47. Bd6 {[%emt 0:01:17]} Qxf6 {[%emt 0:04:26]} 48.
Bb8 {[%emt 0:04:52]} Qxc6 {[%emt 0:07:31]} 49. bxc6 {[%emt 0:00:02]} Re7 {
[%emt 0:00:08]} 50. Bd6 {[%emt 0:00:12]} Re8 {[%emt 0:00:31]} 51. c7 {[%emt 0:
00:07]} Kg7 {[%emt 0:04:31]} 52. Be7 {[%emt 0:08:47]} Rc8 {[%emt 0:00:09]} 53.
Bd8 {[%emt 0:00:26]} Kf8 {[%emt 0:00:28]} 54. Kg3 {[%emt 0:01:50]} Ke8 {[%emt
0:01:37]} 55. Kf3 {[%emt 0:00:05]} Kd7 {[%emt 0:01:38]} 56. Ke4 {[%emt 0:00:06]
} Kd6 {[%emt 0:00:10]} 57. g3 {[%emt 0:00:46]} Ra8 {[%emt 0:01:06]} 58. h4 {
[%emt 0:00:14]} gxh4 {[%emt 0:00:32]} 59. gxh4 {[%emt 0:00:01]} Rc8 {[%emt 0:
01:06]} 60. h5 {[%emt 0:01:03]} Ra8 {[%emt 0:00:30]} 61. Kf4 {[%emt 0:00:10]}
Rc8 {[%emt 0:08:54]} 62. Ke4 {[%emt 0:00:01]} Rxc7 {[%emt 0:01:26]} 63. Bxc7+ {
[%emt 0:00:09]} Kxc7 {[%emt 0:00:03]} 64. Ke5 {[%emt 0:00:52]} Kd7 {[%emt 0:00:
41]} 65. Kf6 {[%emt 0:00:21]} b5 {[%emt 0:00:42]} 66. Kxf7 {[%emt 0:02:51]}
bxc4 {[%emt 0:00:04]} 67. Kg7 {[%emt 0:00:40]} c3 {[%emt 0:00:05]} 68. f6 {
[%emt 0:00:03]} c2 {[%emt 0:00:03]} 69. f7 {[%emt 0:00:09]} c1=Q {[%emt 0:00:
06]} 70. f8=Q {[%emt 0:00:06]} Qg5+ {[%emt 0:00:06]} 71. Kh8 {[%emt 0:02:30]}
Qd8 {[%emt 0:01:32]} 72. Qxd8+ {[%emt 0:00:08]} Kxd8 {[%emt 0:00:03]} 73. Kg7 {
[%emt 0:00:04]} c4 {[%emt 0:01:08]} 74. Kxh6 {[%emt 0:00:04]} c3 {[%emt 0:00:
03]} 75. Kg7 {[%emt 0:00:05]} c2 {[%emt 0:00:03]} 76. h6 {[%emt 0:00:08]} c1=Q
{[%emt 0:00:05]} 77. h7 {[%emt 0:00:05]} Qg5+ {[%emt 0:01:24]} 78. Kf7 {[%emt
0:02:47]} Qe7+ {[%emt 0:00:15]} 79. Kg8 {[%emt 0:00:11]} Ke8 {[%emt 0:00:10]}
0-1

[Event "3ème tournoi de MI de Juvisy"]
[Site "?"]
[Date "2019.07.06"]
[Round "8.5"]
[White "LAZO, Andrei"]
[Black "MSELLEK, Ilyass"]
[Result "1-0"]
[WhiteElo "2279"]
[BlackElo "2239"]
[PlyCount "93"]
[EventDate "2019.??.??"]
[SourceDate "2019.07.05"]
[WhiteTeam "Canal St Martin"]
[BlackTeam "Tremblay-en-France"]

1. d4 d6 2. Nf3 g6 3. c4 Bg7 4. Nc3 Nd7 5. e4 e5 6. d5 a5 7. h3 Ne7 8. g4 O-O
9. Rg1 Nc5 10. g5 c6 11. h4 cxd5 12. cxd5 a4 13. Be3 Bd7 14. Nd2 Qb8 15. Bxc5
dxc5 16. Bb5 Bxb5 17. Nxb5 Ra5 18. Qe2 Qe8 19. Nd6 Qd7 20. N6c4 Ra6 21. Nf3 Nc8
22. Nfxe5 Qe7 23. f4 f6 24. gxf6 Qxf6 25. Rg4 Re8 26. Qh2 b5 27. Nd2 a3 28. b3
Nd6 29. Rc1 Nf7 30. Ndf3 Qd6 31. Qe2 Nh6 32. Rg5 Rf8 33. Nd3 Raa8 34. Rxc5 Rxf4
35. Rc6 Qf8 36. Nxf4 Qxf4 37. Rg2 Rf8 38. d6 b4 39. e5 Nf5 40. Qc4+ Qxc4 41.
bxc4 Ne3 42. Rf2 Ng4 43. Re2 b3 44. axb3 Rxf3 45. d7 Rd3 46. Rc8+ Kf7 47. e6+
1-0

[Event "3eme tournoi de MI de JUVISY"]
[Site "Juvisy/Orge, France"]
[Date "2019.07.06"]
[Round "8.2"]
[White "BON, Michael"]
[Black "DELORME, Alban"]
[Result "1-0"]
[WhiteElo "2400"]
[BlackElo "2327"]
[PlyCount "59"]
[EventDate "2019.??.??"]
[WhiteTeam "Canal St Martin"]
[BlackTeam "Echecs 16"]
[TimeControl "6000+1155"]
[WhiteClock "0:02:54"]
[BlackClock "0:18:09"]

1. e4 {[%emt 0:15:54]} d5 {[%emt 0:01:13]} 2. exd5 {[%emt 0:02:47]} Qxd5 {
[%emt 0:01:21]} 3. d4 {[%emt 0:11:55]} g6 {[%emt 0:04:19]} 4. c4 {[%emt 0:01:
54]} Qd6 {[%emt 0:02:21]} 5. Nc3 {[%emt 0:00:25]} Bg7 {[%emt 0:00:05]} 6. Nf3 {
[%emt 0:18:06]} Nh6 {[%emt 0:16:24]} 7. Nb5 {[%emt 0:02:28]} Qd8 {[%emt 0:01:
32]} 8. Bf4 {[%emt 0:01:22]} Na6 {[%emt 0:00:07]} 9. Qd2 {[%emt 0:19:44]} Nf5 {
[%emt 0:06:45]} 10. O-O-O {[%emt 0:00:26]} Nd6 {[%emt 0:02:06]} 11. Bh6 {[%emt
0:09:46]} Bf6 {[%emt 0:10:00]} 12. h3 {[%emt 0:08:34]} Bf5 {[%emt 0:01:34]} 13.
g4 {[%emt 0:02:41]} Be4 {[%emt 0:00:08]} 14. Qf4 {[%emt 0:00:52]} Bxf3 {[%emt
0:03:23]} 15. Qxf3 {[%emt 0:00:37]} c6 {[%emt 0:09:06]} 16. Nc3 {[%emt 0:04:20]
} c5 {[%emt 0:03:08]} 17. dxc5 {[%emt 0:08:43]} Nxc5 {[%emt 0:00:01]} 18. Nb5 {
[%emt 0:00:24]} Nce4 {[%emt 0:01:34]} 19. Nxd6+ {[%emt 0:05:42]} Nxd6 {[%emt 0:
00:03]} 20. g5 {[%emt 0:01:16]} Be5 {[%emt 0:02:16]} 21. Qe3 {[%emt 0:00:15]}
Qa5 {[%emt 0:02:25]} 22. f4 {[%emt 0:02:19]} O-O-O {[%emt 0:03:19]} 23. Qxe5 {
[%emt 0:02:03]} Qxa2 {[%emt 0:00:03]} 24. Bd3 {[%emt 0:01:27]} Rhe8 {[%emt 0:
02:43]} 25. Qc3 {[%emt 0:00:53]} Kb8 {[%emt 0:01:04]} 26. Bg7 {[%emt 0:00:16]}
f6 {[%emt 0:02:21]} 27. gxf6 {[%emt 0:02:19]} Nb5 {[%emt 0:00:01]} 28. Qe5+ {
[%emt 0:00:11]} Ka8 {[%emt 0:00:52]} 29. Qxb5 {[%emt 0:00:14]} exf6 {[%emt 0:
00:27]} 30. Be4 {[%emt 0:00:51]} 1-0

[Event "3eme tournoi de MI de JUVISY"]
[Site "Juvisy/Orge, France"]
[Date "2019.07.06"]
[Round "8.3"]
[White "HARUTYUNYAN, Ruben"]
[Black "BELKHODJA, Slim"]
[Result "1/2-1/2"]
[WhiteElo "2316"]
[BlackElo "2416"]
[PlyCount "100"]
[EventDate "2019.??.??"]
[WhiteTeam "Clichy echecs 92"]
[BlackTeam "J.E.E.N"]
[TimeControl "6600+1060"]
[WhiteClock "0:36:36"]
[BlackClock "0:55:19"]

1. e4 {[%emt 0:05:35]} Nc6 {[%emt 0:00:41]} 2. Nf3 {[%emt 0:00:05]} d6 {[%emt
0:00:36]} 3. d4 {[%emt 0:00:06]} Nf6 {[%emt 0:00:25]} 4. Nc3 {[%emt 0:00:04]}
Bg4 {[%emt 0:00:37]} 5. d5 {[%emt 0:00:45]} Ne5 {[%emt 0:05:44]} 6. Bb5+ {
[%emt 0:07:53]} c6 {[%emt 0:03:55]} 7. Nxe5 {[%emt 0:07:20]} Bxd1 {[%emt 0:00:
15]} 8. dxc6 {[%emt 0:00:04]} dxe5 {[%emt 0:00:07]} 9. c7+ {[%emt 0:01:09]} Qd7
{[%emt 0:00:06]} 10. Bxd7+ {[%emt 0:00:18]} Kxd7 {[%emt 0:00:05]} 11. Kxd1 {
[%emt 0:00:05]} Kxc7 {[%emt 0:03:59]} 12. f3 {[%emt 0:02:46]} e6 {[%emt 0:00:
11]} 13. Be3 {[%emt 0:00:34]} Kc6 {[%emt 0:05:29]} 14. Ke2 {[%emt 0:03:56]} h5
{[%emt 0:03:16]} 15. Rad1 {[%emt 0:06:35]} Be7 {[%emt 0:18:09]} 16. Nb1 {[%emt
0:15:37]} Rhd8 {[%emt 0:06:47]} 17. Nd2 {[%emt 0:01:55]} Ne8 {[%emt 0:04:45]}
18. Nc4 {[%emt 0:05:23]} f6 {[%emt 0:00:08]} 19. Rxd8 {[%emt 0:11:56]} Bxd8 {
[%emt 0:03:20]} 20. a4 {[%emt 0:15:18]} Be7 {[%emt 0:10:25]} 21. Rd1 {[%emt 0:
01:58]} Nd6 {[%emt 0:00:58]} 22. Na5+ {[%emt 0:02:17]} Kc7 {[%emt 0:00:08]} 23.
Rd3 {[%emt 0:05:44]} g5 {[%emt 0:02:57]} 24. Rc3+ {[%emt 0:05:11]} Kd7 {[%emt
0:00:34]} 25. Nb3 {[%emt 0:00:10]} b6 {[%emt 0:01:41]} 26. a5 {[%emt 0:00:05]}
Rb8 {[%emt 0:00:26]} 27. axb6 {[%emt 0:00:41]} axb6 {[%emt 0:00:07]} 28. Nd2 {
[%emt 0:00:09]} g4 {[%emt 0:03:29]} 29. Nc4 {[%emt 0:03:17]} Nxc4 {[%emt 0:01:
26]} 30. Rxc4 {[%emt 0:00:05]} b5 {[%emt 0:00:11]} 31. Rc3 {[%emt 0:00:17]}
gxf3+ {[%emt 0:01:38]} 32. Kxf3 {[%emt 0:01:52]} b4 {[%emt 0:02:10]} 33. Rb3 {
[%emt 0:04:22]} Rc8 {[%emt 0:02:36]} 34. Bd2 {[%emt 0:01:13]} Rxc2 {[%emt 0:03:
13]} 35. Bxb4 {[%emt 0:00:04]} Bxb4 {[%emt 0:00:41]} 36. Rxb4 {[%emt 0:00:02]}
f5 {[%emt 0:00:10]} 37. h4 {[%emt 0:02:26]} Rd2 {[%emt 0:01:40]} 38. Rb7+ {
[%emt 0:00:39]} Kd6 {[%emt 0:00:16]} 39. Rb6+ {[%emt 0:00:50]} Ke7 {[%emt 0:00:
40]} 40. exf5 {[%emt 0:01:12]} exf5 {[%emt 0:00:12]} 41. Rh6 {[%emt 0:00:42]}
Rxb2 {[%emt 0:02:36]} 42. Rxh5 {[%emt 0:00:23]} Rb3+ {[%emt 0:00:24]} 43. Ke2 {
[%emt 0:00:17]} Ke6 {[%emt 0:00:05]} 44. Rg5 {[%emt 0:01:01]} Rb2+ {[%emt 0:04:
40]} 45. Kf3 {[%emt 0:00:36]} Kf6 {[%emt 0:04:11]} 46. g3 {[%emt 0:01:45]} e4+
{[%emt 0:01:25]} 47. Kf4 {[%emt 0:02:31]} Rf2+ {[%emt 0:00:11]} 48. Ke3 {[%emt
0:00:07]} Rf1 {[%emt 0:01:20]} 49. g4 {[%emt 0:01:35]} Rf3+ {[%emt 0:00:27]}
50. Ke2 {[%emt 0:00:06]} fxg4 {[%emt 0:03:38]} 1/2-1/2